| 000 | 00590cam a22001931 4500 | ||
|---|---|---|---|
| 001 | sa 64007911 | ||
| 003 | DLC | ||
| 005 | 20260227112051.0 | ||
| 008 | 890403q io 000 0 ind | ||
| 010 | _asa 64007911 | ||
| 035 | _a(OCoLC)23569500 | ||
| 040 |
_aDLC _cMiU _dDLC |
||
| 042 | _apremarc | ||
| 050 | 0 | 0 |
_aDS644 _b.2 1962.S947 |
| 100 | 0 |
_aSoekarno, _d1901-1970. |
|
| 245 | 1 | 0 |
_aPergiatlah Tri-komando rakjat; _bamanat sehabis sembahjang Idul Fitri dihalaman Istana di Djakarta, 8 Maret 1962. |
| 260 |
_a[Djakarta] _bDepartemen Penerangan _c[cover 1962] |
||
| 300 |
_a14 p. _c21 cm. |
||
| 999 |
_c60582 _d60582 |
||